Parole Houdi-Ciel - Statistiques

Statistiques générales
  • Ce quiz a été pris 48 fois
  • Le résultat moyen est 229 sur 396
Statistiques - réponses
paroles % Correct
a
100%
à
100%
dans
100%
Dans
100%
le
100%
on
100%
On
100%
Y
97%
y
97%
yeux
97%
levé
94%
nos
94%
l'ciel
88%
l'bat
82%
la
79%
79%
La
79%
pas
79%
lavé
76%
mains
76%
d'humeur
70%
fait
70%
j'suis
70%
battement
67%
du
67%
j'me
67%
Ton
67%
ton
67%
quand
64%
quand ?
64%
toi
64%
avis
61%
ça
61%
d'un
61%
faire
61%
j'm'en
61%
j'men
61%
l'del
61%
l'effet
61%
les
61%
moi
61%
sans
61%
tape
61%
cinq
58%
d'ailes
58%
doigts
58%
j'compte
58%
j'rappe
58%
mes
58%
mieux
58%
sur
58%
coeur
55%
en
55%
j'pourrais
55%
quatre
55%
si
55%
proche
52%
temps
52%
vite
52%
besoin
48%
brillaient
48%
j'ai
48%
J'ai
48%
mal
48%
p'tit
48%
que
48%
qui
48%
sentais
48%
askip
45%
comme
45%
deux
45%
et
45%
étoiles
45%
khabat
45%
murs
45%
nuages
45%
pieds
45%
plus
45%
remplie
45%
Bébé
42%
bientôt
42%
Faut
42%
faut
42%
gardé
42%
j'étais
42%
l'sol
42%
monté
42%
regardait
42%
un
42%
au
39%
cervelle
39%
est
39%
j'fais
39%
j'vois
39%
larme
39%
pour
39%
qu'tu
39%
une
39%
va
39%
bail ?
36%
demi-heure
36%
d'seum
36%
d'sommes
36%
par
36%
quel
36%
autre
33%
c'est
33%
des
33%
étincelles
33%
haine
33%
larmes
33%
n'avait
33%
remplies
33%
s'verra
33%
Tu
33%
d'toit
30%
d'trains
30%
gens
30%
j'reverrai
30%
m'parles
30%
partes
30%
Poto
30%
qu'j'aime
30%
tant
30%
vacances
30%
Bloqué
27%
d'amour
27%
épave
27%
jamais
27%
j'm'allume
27%
pourtant
27%
qu'telle
27%
shtar
27%
terre
27%
vie
27%
bonne
24%
cagoule
24%
cieux
24%
dirais
24%
illégaux
24%
j'mets
24%
j'te
24%
j'vais
24%
plavons
24%
qu'on
24%
sourire
24%
verte
24%
veux
24%
bas
21%
d'dedans
21%
"go"
21%
j'cache
21%
l'trafic
21%
ca-ave
18%
derrière
18%
met
18%
tué
18%
ba-affes
15%
j'voulais
15%
s'barre
15%
ta-af
15%
voir
15%
ga-affe
12%
sait
12%
bra-aves
9%
Maudits
9%
Aucun quiz correspondant
Distribution des résultats
% des personnes avec chaque résultat
Percentile par nombre de réponses
Votre historique - résultats
Vous n’avez pas pris ce quiz